000 00941nam a2200265Ia 4500
003 OSt
005 20220923211232.0
006 a|||||r|||| 00| 0
007 ta
008 220922b |||||||| |||| 00| 0 hin d
020 _a9788171382378 (hbk)
_c250
024 _a273,120
037 _b23063, 16/08/2013, Kitab Ghar
_cTextual
040 _aARTS
_cARTS
_bhin
041 _2hin
_ahin
082 _aO152,3N597x, Q2
100 _aअग्रवाल, रोहिणी
245 0 _aआओ मां! हम परी हो जाएं
246 _aĀo māan! Ham parī ho jāean
260 _aनई दिल्ली
_b सामयिक प्रकाशन
_c2012
300 _a159पृ.
_ccm.
650 _aहिन्दी साहित्य
_9156264
942 _hO152,3N597x, Q2
_cTEXL
_2CC
999 _c297404
_d297404